[Event "Sao Paulo CXSP"]
[Site "Sao Paulo"]
[Date "2004.01.08"]
[Round "2"]
[White "Rodriguez Vila, Andres"]
[Black "Valiente, Cristobal"]
[Result "1-0"]
[WhiteElo "2485"]
[BlackElo "2332"]
[PlyCount "63"]
[EventDate "2004.01.06"]
[EventType "tourn"]
[EventRounds "11"]
[EventCountry "BRA"]
[EventCategory "3"]
[SourceTitle "CBM 098 Extra"]
[Source "ChessBase"]
[SourceDate "2004.03.10"]
[SourceVersion "2"]
[SourceVersionDate "2004.03.10"]
[SourceQuality "1"]

1. e4 d6 2. d4 g6 3. h4 h5 4. Nc3 c6 5. f3 Bg7 6. Be3 b5 7. Qd2 Nf6 8. Nh3 Bxh3
9. Rxh3 Nbd7 10. Nd1 O-O 11. Nf2 e5 12. O-O-O d5 13. dxe5 Nxe5 14. Bd4 Re8 15.
Qc3 Nc4 16. Bxc4 bxc4 17. exd5 cxd5 18. g4 Re2 19. g5 Rxf2 20. Bxf2 Ne4 21.
fxe4 Bxc3 22. Rxc3 Qa5 23. exd5 Rd8 24. d6 Qf5 25. Bg3 Qg4 26. a3 f6 27. gxf6
Kf7 28. Re3 g5 29. Re7+ Kf8 30. Be5 gxh4 31. d7 h3 32. Rg7 1-0

[Event "Sao Paulo CXSP"]
[Site "Sao Paulo"]
[Date "2004.01.09"]
[Round "3"]
[White "Bachmann, Axel"]
[Black "Rodriguez Vila, Andres"]
[Result "0-1"]
[WhiteElo "2225"]
[BlackElo "2485"]
[PlyCount "72"]
[EventDate "2004.01.06"]
[EventType "tourn"]
[EventRounds "11"]
[EventCountry "BRA"]
[EventCategory "3"]
[SourceTitle "CBM 098 Extra"]
[Source "ChessBase"]
[SourceDate "2004.03.10"]
[SourceVersion "2"]
[SourceVersionDate "2004.03.10"]
[SourceQuality "1"]

1. e4 e6 2. d4 d5 3. Nd2 b6 4. Ngf3 Nf6 5. exd5 exd5 6. Bd3 Be7 7. O-O O-O 8.
Re1 c5 9. c3 Re8 10. Nf1 Bb7 11. Ng3 g6 12. Bg5 Nbd7 13. dxc5 bxc5 14. Bb5 a6
15. Ba4 Ng4 16. Bf4 Bf8 17. Rxe8 Qxe8 18. Qb3 Qc8 19. Rd1 Ngf6 20. Ne5 Nxe5 21.
Bxe5 Ng4 22. Bf4 c4 23. Qc2 Bc5 24. Ne4 dxe4 25. Bd7 Bxf2+ 26. Kf1 Qc5 27. Bxg4
e3 28. Bf3 Bxf3 29. gxf3 Qh5 30. Qe4 Qh3+ 31. Ke2 Rf8 32. Bd6 Qg2 33. Rd5 Bg3+
34. Kd1 Qg1+ 35. Kc2 Bxd6 36. Rxd6 Qxh2+ 0-1

[Event "Sao Paulo CXSP"]
[Site "Sao Paulo"]
[Date "2004.01.11"]
[Round "5"]
[White "Tsuboi, Edson Kenji"]
[Black "Rodriguez Vila, Andres"]
[Result "0-1"]
[WhiteElo "2344"]
[BlackElo "2485"]
[PlyCount "84"]
[EventDate "2004.01.06"]
[EventType "tourn"]
[EventRounds "11"]
[EventCountry "BRA"]
[EventCategory "3"]
[SourceTitle "CBM 098 Extra"]
[Source "ChessBase"]
[SourceDate "2004.03.10"]
[SourceVersion "2"]
[SourceVersionDate "2004.03.10"]
[SourceQuality "1"]

1. e4 d6 2. d4 Nd7 3. Nf3 g6 4. Nc3 Bg7 5. Be3 Ngf6 6. h3 O-O 7. Qd2 c5 8. d5
a6 9. a4 Qa5 10. Ra2 Nh5 11. g4 Bxc3 12. Qxc3 Qxc3+ 13. bxc3 Ng7 14. Nh4 Nf6
15. Bg2 Bd7 16. f4 Rfb8 17. c4 Be8 18. Kd2 Nd7 19. Rb1 a5 20. Kd3 Ra6 21. Rab2
Ra7 22. Bd2 g5 23. fxg5 Ne5+ 24. Kc3 Bxa4 25. Nf3 Ng6 26. h4 Bd7 27. h5 Nf8 28.
Nh2 Ne8 29. Bf3 Nc7 30. Be2 a4 31. Nf1 a3 32. Ra2 b5 33. cxb5 Bxb5 34. Bxb5
Nxb5+ 35. Kd3 Nd7 36. Bf4 Ra4 37. c4 Nd4 38. Rxb8+ Nxb8 39. Bc1 Nb3 40. Be3 Na6
41. Kc3 Na5 42. Nd2 Nb4 0-1

[Event "Sao Paulo CXSP"]
[Site "Sao Paulo"]
[Date "2004.01.11"]
[Round "6"]
[White "Marra, Eduardo da Costa"]
[Black "Rodriguez Vila, Andres"]
[Result "1-0"]
[WhiteElo "2129"]
[BlackElo "2485"]
[PlyCount "159"]
[EventDate "2004.01.06"]
[EventType "tourn"]
[EventRounds "11"]
[EventCountry "BRA"]
[EventCategory "3"]
[SourceTitle "CBM 098 Extra"]
[Source "ChessBase"]
[SourceDate "2004.03.10"]
[SourceVersion "2"]
[SourceVersionDate "2004.03.10"]
[SourceQuality "1"]

1. e4 e6 2. d4 d5 3. Nc3 Bb4 4. Bd2 dxe4 5. Qg4 Nf6 6. Qxg7 Rg8 7. Qh6 Nc6 8.
O-O-O Rg6 9. Qh4 Qxd4 10. Nge2 Qe5 11. Ng3 Rg4 12. Qh6 Bc5 13. f4 exf3 14. Re1
Bf8 15. Qh3 Qd4 16. gxf3 Rh4 17. Qg2 Bh6 18. Bxh6 Rxh6 19. Kb1 Qf4 20. Nge4 Rg6
21. Nxf6+ Qxf6 22. Qh3 Qg7 23. Bd3 Rh6 24. Qg3 Qxg3 25. hxg3 Rxh1 26. Rxh1 Ke7
27. Rxh7 Bd7 28. f4 Rg8 29. Ne4 Nb4 30. Ng5 Be8 31. Be4 c6 32. c3 Na6 33. b4
Nb8 34. Bf3 Nd7 35. Kc2 Nf8 36. Rh2 f6 37. Ne4 Bg6 38. Rg2 Nd7 39. Kb3 e5 40.
c4 Bf7 41. Kc3 Be6 42. Rh2 Rg7 43. Rh5 exf4 44. gxf4 Bf7 45. Rh2 Nb6 46. Nd2
Rg3 47. Kd4 Nxc4 48. Rh7 Nxd2 49. Bh5 Nf3+ 50. Ke4 f5+ 51. Kxf5 Nh4+ 52. Ke4
Ng6 53. f5 Kf6 54. fxg6 Bd5+ 55. Kf4 Rh3 56. Bg4 Ra3 57. Rxb7 Kxg6 58. Ke5 Bxa2
59. Bf5+ Kh6 60. Kf6 Bg8 61. Rb8 Rg3 62. Rb7 Rf3 63. Rxa7 Rf4 64. Rc7 Rd4 65.
Rc8 Rd6+ 66. Ke5 Rd5+ 67. Kf6 Rd6+ 68. Ke7 Rd5 69. Rxg8 Rxf5 70. Kd6 Rb5 71.
Rg4 Kh5 72. Kxc6 Rb8 73. Re4 Kg6 74. b5 Kf5 75. Re1 Rh8 76. b6 Rh6+ 77. Kb5 Rh2
78. b7 Rb2+ 79. Kc6 Kf6 80. Rc1 1-0

[Event "Sao Paulo CXSP"]
[Site "Sao Paulo"]
[Date "2004.01.12"]
[Round "7"]
[White "Rodriguez Vila, Andres"]
[Black "Santos, Marcus Vinicius M"]
[Result "1/2-1/2"]
[WhiteElo "2485"]
[BlackElo "2311"]
[PlyCount "92"]
[EventDate "2004.01.06"]
[EventType "tourn"]
[EventRounds "11"]
[EventCountry "BRA"]
[EventCategory "3"]
[SourceTitle "CBM 098 Extra"]
[Source "ChessBase"]
[SourceDate "2004.03.10"]
[SourceVersion "2"]
[SourceVersionDate "2004.03.10"]
[SourceQuality "1"]

1. e4 e5 2. Nf3 Nc6 3. Bc4 Nf6 4. d3 Be7 5. O-O O-O 6. Re1 d6 7. a4 Na5 8. Ba2
c5 9. Nc3 Be6 10. Bg5 Bxa2 11. Rxa2 Ne8 12. Be3 Nc7 13. Nd5 Nc6 14. c3 Re8 15.
Qb3 Na5 16. Qd1 Nc6 17. Ra1 Bf8 18. Qb3 Rb8 19. Rad1 Qd7 20. d4 Nxd5 21. Qxd5
exd4 22. cxd4 Nb4 23. Qb3 Qe6 24. Qxe6 Rxe6 25. dxc5 dxc5 26. Bf4 Rbe8 27. Ng5
Rf6 28. Bg3 Nc2 29. Re2 Nd4 30. Re3 Rb6 31. Rb1 Rb4 32. a5 Ra4 33. e5 Rxa5 34.
f4 Rb5 35. Bf2 Rd8 36. Kf1 Rb3 37. Rc3 Rb4 38. g3 b6 39. Be1 Rb3 40. Ne4 a5 41.
Nd2 Rb4 42. Nc4 Rb8 43. Rcc1 Rb3 44. Bc3 Nb5 45. Be1 Nd4 46. Bc3 Nb5 1/2-1/2

[Event "Sao Paulo CXSP"]
[Site "Sao Paulo"]
[Date "2004.01.13"]
[Round "8"]
[White "De Souza, Mauro Guimaraes"]
[Black "Rodriguez Vila, Andres"]
[Result "1-0"]
[WhiteElo "2362"]
[BlackElo "2485"]
[PlyCount "107"]
[EventDate "2004.01.06"]
[EventType "tourn"]
[EventRounds "11"]
[EventCountry "BRA"]
[EventCategory "3"]
[SourceTitle "CBM 098 Extra"]
[Source "ChessBase"]
[SourceDate "2004.03.10"]
[SourceVersion "2"]
[SourceVersionDate "2004.03.10"]
[SourceQuality "1"]

1. d4 g6 2. c4 d6 3. e4 Nd7 4. Nc3 e5 5. Nf3 Bg7 6. Be2 Ne7 7. d5 O-O 8. h4 h6
9. h5 g5 10. g4 Nc5 11. Nh2 a5 12. Be3 Bd7 13. f3 c6 14. O-O cxd5 15. cxd5 Qb8
16. Bb5 Nc8 17. Bxc5 Bxb5 18. Nxb5 dxc5 19. Rc1 Nd6 20. Qa4 Rc8 21. Rf2 Bf8 22.
Rfc2 c4 23. Nxd6 Qxd6 24. Rxc4 Qb6+ 25. Kg2 Rxc4 26. Qxc4 Qxb2+ 27. Rc2 Qb1 28.
Rc1 Qb2+ 29. Rc2 Qa3 30. Nf1 a4 31. Qb5 b6 32. Qxb6 Qd3 33. Rd2 Ra6 34. Rxd3
Rxb6 35. Kf2 Bc5+ 36. Ke2 Kf8 37. Ng3 Ke8 38. Nf5 Kd7 39. Rc3 Bf8 40. Kd3 a3
41. Rc4 Rb2 42. Rc2 Rb1 43. Ke2 Rb2 44. Kd2 Rb1 45. d6 Bxd6 46. Nxh6 Bb4+ 47.
Kd3 Rf1 48. Kc4 Be7 49. Nxf7 Ke6 50. Nh6 Rxf3 51. Nf5 Rf4 52. h6 Rxe4+ 53. Kb5
Rb4+ 54. Ka5 1-0

[Event "Sao Paulo CXSP"]
[Site "Sao Paulo"]
[Date "2004.01.14"]
[Round "9"]
[White "Rodriguez Vila, Andres"]
[Black "Aranha Filho, Alvaro Zimmermann"]
[Result "1-0"]
[WhiteElo "2485"]
[BlackElo "2275"]
[PlyCount "55"]
[EventDate "2004.01.06"]
[EventType "tourn"]
[EventRounds "11"]
[EventCountry "BRA"]
[EventCategory "3"]
[SourceTitle "CBM 098 Extra"]
[Source "ChessBase"]
[SourceDate "2004.03.10"]
[SourceVersion "2"]
[SourceVersionDate "2004.03.10"]
[SourceQuality "1"]

1. e4 c5 2. Nf3 e6 3. Qe2 Nc6 4. g3 d5 5. d3 Nf6 6. Bg2 Be7 7. O-O O-O 8. e5
Nd7 9. c4 Nb6 10. h4 dxc4 11. dxc4 Nd4 12. Nxd4 Qxd4 13. Na3 Rd8 14. Be4 f5 15.
exf6 Bxf6 16. Rb1 e5 17. Qc2 Bh3 18. Be3 Qd7 19. Rfd1 Qg4 20. Kh2 Bxh4 21.
Bxh7+ Kh8 22. Rh1 Nd7 23. Be4 Nf6 24. Bg2 Nh5 25. Bxh3 Bxg3+ 26. Kg2 Nf4+ 27.
Bxf4 Qxf4 28. Be6+ 1-0

[Event "Sao Paulo CXSP"]
[Site "Sao Paulo"]
[Date "2004.01.15"]
[Round "10"]
[White "Caldeira, Adriano"]
[Black "Rodriguez Vila, Andres"]
[Result "0-1"]
[WhiteElo "2355"]
[BlackElo "2485"]
[PlyCount "48"]
[EventDate "2004.01.06"]
[EventType "tourn"]
[EventRounds "11"]
[EventCountry "BRA"]
[EventCategory "3"]
[SourceTitle "CBM 098 Extra"]
[Source "ChessBase"]
[SourceDate "2004.03.10"]
[SourceVersion "2"]
[SourceVersionDate "2004.03.10"]
[SourceQuality "1"]

1. e4 c5 2. c3 e6 3. d4 d5 4. exd5 exd5 5. Be3 c4 6. b3 cxb3 7. axb3 Nf6 8. Bd3
Bd6 9. h3 O-O 10. Qf3 Ne4 11. Bxe4 dxe4 12. Qxe4 f5 13. Qd5+ Kh8 14. Nf3 f4 15.
Bc1 Qe7+ 16. Kf1 Be6 17. Qb5 a6 18. Qa4 b5 19. Qa2 Nc6 20. c4 bxc4 21. bxc4 Nb4
22. Qe2 Bxc4 23. Qxc4 Rac8 24. Qe2 Rxc1+ 0-1

[Event "Sao Paulo CXSP"]
[Site "Sao Paulo"]
[Date "2004.01.16"]
[Round "11"]
[White "Rodriguez Vila, Andres"]
[Black "Barrionuevo, Alfredo Carlos"]
[Result "1-0"]
[WhiteElo "2485"]
[BlackElo "2149"]
[PlyCount "35"]
[EventDate "2004.01.06"]
[EventType "tourn"]
[EventRounds "11"]
[EventCountry "BRA"]
[EventCategory "3"]
[SourceTitle "CBM 098 Extra"]
[Source "ChessBase"]
[SourceDate "2004.03.10"]
[SourceVersion "2"]
[SourceVersionDate "2004.03.10"]
[SourceQuality "1"]

1. e4 Nf6 2. d3 e5 3. f4 Bc5 4. fxe5 Nxe4 5. dxe4 Qh4+ 6. Kd2 Bxg1 7. Rxg1 Qf2+
8. Be2 Qd4+ 9. Bd3 Qf2+ 10. Kc3 Qc5+ 11. Bc4 b5 12. Qd5 Qxc4+ 13. Qxc4 bxc4 14.
Na3 Nc6 15. Bf4 Ba6 16. Rgd1 Nd8 17. Nxc4 Ne6 18. Be3 1-0

[Event "Itau Cup 450th Ann"]
[Site "Sao Paulo"]
[Date "2004.01.18"]
[Round "2"]
[White "Shitsuka, Caleb"]
[Black "Rodriguez Vila, Andres"]
[Result "0-1"]
[WhiteElo "2063"]
[BlackElo "2485"]
[PlyCount "62"]
[EventDate "2004.01.17"]
[EventType "swiss"]
[EventRounds "9"]
[EventCountry "BRA"]
[SourceTitle "CBM 098 Extra"]
[Source "ChessBase"]
[SourceDate "2004.03.10"]
[SourceVersion "2"]
[SourceVersionDate "2004.03.10"]
[SourceQuality "1"]

1. c4 f5 2. Nc3 Nf6 3. g3 g6 4. Bg2 Bg7 5. d3 O-O 6. e4 d6 7. Nge2 c6 8. h3 e5
9. Be3 Be6 10. Qd2 fxe4 11. Nxe4 Nxe4 12. Bxe4 Qd7 13. Bg2 Na6 14. h4 Nc5 15.
Nc3 Bg4 16. O-O Bf3 17. d4 Ne6 18. dxe5 Bxe5 19. Bh6 Nd4 20. Bxf8 Rxf8 21. Rfe1
Bxg2 22. Kxg2 Nf3 23. Qd3 Qg4 24. Re4 Nxh4+ 25. Kf1 Qf5 26. Qe3 Qh3+ 27. Ke2
Nf5 28. Qg5 Qg2 29. Rxe5 dxe5 30. Rd1 Nd4+ 31. Kd3 Rf3+ 0-1

[Event "Itau Cup 450th Ann"]
[Site "Sao Paulo"]
[Date "2004.01.18"]
[Round "3"]
[White "Rodriguez Vila, Andres"]
[Black "Lucena, Silvio Jr"]
[Result "1-0"]
[WhiteElo "2485"]
[BlackElo "2182"]
[PlyCount "83"]
[EventDate "2004.01.17"]
[EventType "swiss"]
[EventRounds "9"]
[EventCountry "BRA"]
[SourceTitle "CBM 098 Extra"]
[Source "ChessBase"]
[SourceDate "2004.03.10"]
[SourceVersion "2"]
[SourceVersionDate "2004.03.10"]
[SourceQuality "1"]

1. e4 e6 2. Qe2 c5 3. Nf3 Nc6 4. g3 g6 5. Bg2 Bg7 6. c3 Nge7 7. h4 h6 8. d3 b6
9. O-O d5 10. e5 Ba6 11. Re1 Qc7 12. a4 Rd8 13. Na3 O-O 14. Nb5 Bxb5 15. axb5
Na5 16. Bf4 c4 17. Nd4 Qd7 18. g4 Rc8 19. Bg3 Nb3 20. Nxb3 cxb3 21. d4 Rc4 22.
Bf1 Qxb5 23. Rxa7 Nc6 24. Ra3 Na5 25. Qd1 Qc6 26. h5 g5 27. Bd3 Ra4 28. Rxa4
Qxa4 29. Bb1 Qc4 30. f4 Nc6 31. fxg5 hxg5 32. Qd2 Bh6 33. Bh4 f6 34. exf6 Rxf6
35. Bxg5 Ne5 36. dxe5 Rf3 37. Qg2 Qc5+ 38. Kh1 Rf2 39. Bxh6 Rxg2 40. Kxg2 d4
41. Rf1 d3 42. Bxd3 1-0

[Event "Itau Cup 450th Ann"]
[Site "Sao Paulo"]
[Date "2004.01.19"]
[Round "4"]
[White "Van Riemsdijk, Herman Claudius"]
[Black "Rodriguez Vila, Andres"]
[Result "1/2-1/2"]
[WhiteElo "2409"]
[BlackElo "2485"]
[PlyCount "44"]
[EventDate "2004.01.17"]
[EventType "swiss"]
[EventRounds "9"]
[EventCountry "BRA"]
[SourceTitle "CBM 098 Extra"]
[Source "ChessBase"]
[SourceDate "2004.03.10"]
[SourceVersion "2"]
[SourceVersionDate "2004.03.10"]
[SourceQuality "1"]

1. e4 e6 2. d4 d5 3. Nc3 Bb4 4. e5 c5 5. a3 Bxc3+ 6. bxc3 Nc6 7. Nf3 Qa5 8. Qd2
f6 9. Rb1 fxe5 10. Nxe5 Nf6 11. Bb5 O-O 12. Nxc6 bxc6 13. Bxc6 Ba6 14. Bxa8 Ne4
15. Qe3 Rxf2 16. Qxe4 dxe4 17. Kxf2 Qxc3 18. Bxe4 Qxd4+ 19. Kf3 Qf6+ 20. Kg3
Qe5+ 21. Kf3 Qf6+ 22. Kg3 Qe5+ 1/2-1/2

[Event "Itau Cup 450th Ann"]
[Site "Sao Paulo"]
[Date "2004.01.22"]
[Round "7"]
[White "Rodriguez Vila, Andres"]
[Black "D'Israel, Davy Maurice"]
[Result "1-0"]
[WhiteElo "2485"]
[BlackElo "2291"]
[PlyCount "67"]
[EventDate "2004.01.17"]
[EventType "swiss"]
[EventRounds "9"]
[EventCountry "BRA"]
[SourceTitle "CBM 098 Extra"]
[Source "ChessBase"]
[SourceDate "2004.03.10"]
[SourceVersion "2"]
[SourceVersionDate "2004.03.10"]
[SourceQuality "1"]

1. e4 c5 2. Nf3 Nc6 3. d4 cxd4 4. Nxd4 Nf6 5. Nc3 e5 6. Nde2 Bc5 7. Ng3 Qb6 8.
Qd2 Ng4 9. Nd1 d6 10. c3 Qd8 11. h3 Nf6 12. Qg5 O-O 13. Nf5 Bxf5 14. Qxf5 Ne7
15. Qf3 d5 16. exd5 Qxd5 17. Qxd5 Nexd5 18. Be2 Rad8 19. O-O h6 20. a3 Nf4 21.
Bxf4 exf4 22. Bf3 Rd7 23. b4 Be7 24. c4 b6 25. Nb2 Rd2 26. Na4 Rc8 27. Rfe1 Kf8
28. Rac1 Ra2 29. c5 bxc5 30. Nxc5 Rd8 31. Nb7 Rb8 32. Rc7 Ng8 33. Nc5 Bxc5 34.
bxc5 1-0

[Event "Itau Cup 450th Ann"]
[Site "Sao Paulo"]
[Date "2004.01.23"]
[Round "8"]
[White "Soppe, Guillermo"]
[Black "Rodriguez Vila, Andres"]
[Result "0-1"]
[WhiteElo "2435"]
[BlackElo "2485"]
[PlyCount "62"]
[EventDate "2004.01.17"]
[EventType "swiss"]
[EventRounds "9"]
[EventCountry "BRA"]
[SourceTitle "CBM 098 Extra"]
[Source "ChessBase"]
[SourceDate "2004.03.10"]
[SourceVersion "2"]
[SourceVersionDate "2004.03.10"]
[SourceQuality "1"]

1. c4 g6 2. Nc3 Bg7 3. g3 e5 4. Bg2 Nc6 5. d3 f5 6. e4 Nf6 7. Nge2 d6 8. O-O
O-O 9. Nd5 Be6 10. Bg5 Qd7 11. Rc1 Nh5 12. exf5 Rxf5 13. Qd2 Rf7 14. b4 Bh3 15.
b5 Bxg2 16. Kxg2 Nd8 17. Bxd8 Rxd8 18. f3 Qe8 19. Rce1 Qf8 20. d4 Bh6 21. Qd3
Ng7 22. f4 Nf5 23. g4 Nh4+ 24. Kh3 c6 25. bxc6 bxc6 26. Kxh4 cxd5 27. g5 exf4
28. Kh3 f3 29. Kg3 Bxg5 30. Rxf3 Rxf3+ 31. Qxf3 Bh4+ 0-1

[Event "Sao Paulo Communic 4th"]
[Site "Sao Paulo"]
[Date "2004.??.??"]
[Round "1"]
[White "Rodriguez Vila, Andres"]
[Black "Vera, I Jorge"]
[Result "1-0"]
[WhiteElo "2485"]
[BlackElo "2338"]
[PlyCount "131"]
[EventDate "2004.02.04"]
[EventType "tourn"]
[EventRounds "9"]
[EventCountry "BRA"]
[EventCategory "4"]
[SourceTitle "CBM 098 Extra"]
[Source "ChessBase"]
[SourceDate "2004.03.10"]
[SourceVersion "2"]
[SourceVersionDate "2004.03.10"]
[SourceQuality "1"]

1. e4 c5 2. Ne2 g6 3. d4 cxd4 4. Nxd4 d6 5. c4 Bg7 6. Nc3 Nc6 7. Be3 h5 8. Be2
Nf6 9. h3 Bd7 10. Nc2 Rc8 11. Qd2 Na5 12. Na3 Be6 13. O-O Nxc4 14. Nxc4 Bxc4
15. Bxa7 O-O 16. Bxc4 Rxc4 17. Qe2 Qc8 18. Rad1 Qe6 19. Rfe1 Ra8 20. Bd4 Rac8
21. Qf3 Nd7 22. Bxg7 Kxg7 23. e5 Nxe5 24. Qxb7 R8c7 25. Qb3 Qc8 26. Nd5 Rb7 27.
Qa3 Rc2 28. b4 Qf5 29. f4 Nc4 30. Qa6 Rd7 31. Rd4 Nd2 32. Ne3 Nf3+ 33. gxf3
Qxh3 34. Re2 Qg3+ 35. Rg2 Qe1+ 36. Nf1 Rxg2+ 37. Kxg2 Rc7 38. Qd3 h4 39. Rc4
h3+ 40. Kh2 Rb7 41. Kxh3 Rxb4 42. Rxb4 Qxb4 43. Qd2 Qa4 44. Ng3 f5 45. Ne2 Kf7
46. Nc3 Qa3 47. Kg3 Qa7 48. Kg2 Qa3 49. Nb5 Qa4 50. Qd5+ Kf8 51. Nd4 Qa3 52.
Nc6 Ke8 53. Qb5 Kf7 54. Nd8+ Kf8 55. Qb8 Kg7 56. Qb3 Qxb3 57. axb3 Kf6 58. b4
e5 59. b5 Ke7 60. Kf2 Kd7 61. Ke3 Kc7 62. Nf7 exf4+ 63. Kxf4 d5 64. Ne5 Kb6 65.
Nxg6 Kxb5 66. Kxf5 1-0

[Event "Sao Paulo Communic 4th"]
[Site "Sao Paulo"]
[Date "2004.??.??"]
[Round "3"]
[White "Rodriguez Vila, Andres"]
[Black "Benares de sa Leitao, Ricardo"]
[Result "1-0"]
[WhiteElo "2485"]
[BlackElo "2298"]
[PlyCount "76"]
[EventDate "2004.02.04"]
[EventType "tourn"]
[EventRounds "9"]
[EventCountry "BRA"]
[EventCategory "4"]
[SourceTitle "CBM 098 Extra"]
[Source "ChessBase"]
[SourceDate "2004.03.10"]
[SourceVersion "2"]
[SourceVersionDate "2004.03.10"]
[SourceQuality "1"]

1. e4 e5 2. Nf3 Nc6 3. Bc4 Bc5 4. c3 Nf6 5. d3 a6 6. Bb3 Ba7 7. h3 d6 8. Nbd2
h6 9. Nf1 Be6 10. Ng3 O-O 11. O-O Ne7 12. Re1 Ng6 13. d4 Re8 14. Bc2 Nh7 15.
Nf5 Ng5 16. Nxg5 hxg5 17. dxe5 dxe5 18. Qxd8 Raxd8 19. Bxg5 f6 20. Be3 Bxe3 21.
Nxe3 Rd2 22. Red1 Red8 23. Bb3 Bxb3 24. axb3 Kf7 25. g3 Nf8 26. b4 Ne6 27. Rxd2
Rxd2 28. Nc4 Rc2 29. h4 g5 30. h5 g4 31. Ne3 Rxb2 32. Rd1 Ng5 33. Nxg4 Ke7 34.
h6 c5 35. bxc5 a5 36. Kg2 a4 37. Ra1 Kf7 38. Rxa4 Kg6 1-0

[Event "Sao Paulo Communic 4th"]
[Site "Sao Paulo"]
[Date "2004.??.??"]
[Round "4"]
[White "Cruz, Alfredo"]
[Black "Rodriguez Vila, Andres"]
[Result "0-1"]
[WhiteElo "2251"]
[BlackElo "2485"]
[PlyCount "84"]
[EventDate "2004.02.04"]
[EventType "tourn"]
[EventRounds "9"]
[EventCountry "BRA"]
[EventCategory "4"]
[SourceTitle "CBM 098 Extra"]
[Source "ChessBase"]
[SourceDate "2004.03.10"]
[SourceVersion "2"]
[SourceVersionDate "2004.03.10"]
[SourceQuality "1"]

1. d4 f5 2. e4 fxe4 3. Nc3 Nf6 4. f3 exf3 5. Nxf3 e6 6. Bd3 Be7 7. O-O O-O 8.
Bg5 d6 9. Qe2 Nc6 10. Rae1 Bd7 11. a3 a6 12. Ne4 d5 13. Ng3 Ng4 14. Bxe7 Qxe7
15. Bf5 exf5 16. Qxe7 Nxe7 17. Rxe7 Rad8 18. Nh5 Rf7 19. Rfe1 g6 20. Rxf7 Kxf7
21. Ng5+ Kg8 22. Nf4 c6 23. Re7 Re8 24. Rxe8+ Bxe8 25. Nd3 a5 26. Nf3 Kf8 27.
h3 Ne3 28. Nfe1 g5 29. Kf2 Nc4 30. Nf3 h6 31. Nfe5 Nd6 32. h4 Ke7 33. hxg5 hxg5
34. b3 Nb5 35. Nf3 Nxa3 36. Nde1 Kf6 37. Ke3 f4+ 38. Kd2 Nb1+ 39. Kc1 Nc3 40.
Nd3 g4 41. Nfe5 Kf5 42. Nc5 Ne2+ 0-1

[Event "Sao Paulo Communic 4th"]
[Site "Sao Paulo"]
[Date "2004.??.??"]
[Round "6"]
[White "Madeira, Wagner Martins"]
[Black "Rodriguez Vila, Andres"]
[Result "0-1"]
[WhiteElo "2215"]
[BlackElo "2485"]
[PlyCount "52"]
[EventDate "2004.02.04"]
[EventType "tourn"]
[EventRounds "9"]
[EventCountry "BRA"]
[EventCategory "4"]
[SourceTitle "CBM 098 Extra"]
[Source "ChessBase"]
[SourceDate "2004.03.10"]
[SourceVersion "2"]
[SourceVersionDate "2004.03.10"]
[SourceQuality "1"]

1. e4 e6 2. c4 c5 3. Nc3 Nc6 4. Nf3 Nf6 5. d4 cxd4 6. Nxd4 Bb4 7. Nxc6 bxc6 8.
Bd3 e5 9. Qc2 O-O 10. O-O Be7 11. f4 d6 12. f5 Bb7 13. Bg5 Ng4 14. Bxe7 Qxe7
15. Rf3 Qh4 16. Rh3 Qd8 17. Kh1 d5 18. exd5 cxd5 19. cxd5 Bxd5 20. Qe2 Nf6 21.
Qxe5 Re8 22. Qg3 Bc6 23. Qg5 h6 24. Qh4 Rb8 25. Rg3 Rxb2 26. Bf1 Ne4 0-1

[Event "Sao Paulo Communic 4th"]
[Site "Sao Paulo"]
[Date "2004.??.??"]
[Round "7"]
[White "Rodriguez Vila, Andres"]
[Black "Giaccio, Alfredo Gustavo"]
[Result "1/2-1/2"]
[WhiteElo "2485"]
[BlackElo "2479"]
[PlyCount "98"]
[EventDate "2004.02.04"]
[EventType "tourn"]
[EventRounds "9"]
[EventCountry "BRA"]
[EventCategory "4"]
[SourceTitle "CBM 098 Extra"]
[Source "ChessBase"]
[SourceDate "2004.03.10"]
[SourceVersion "2"]
[SourceVersionDate "2004.03.10"]
[SourceQuality "1"]

1. e4 e6 2. Qe2 Be7 3. Nf3 d5 4. d3 Nf6 5. e5 Nfd7 6. g3 c5 7. Bg2 b5 8. h4 h6
9. Bf4 Nc6 10. Nbd2 Nb6 11. Nf1 a5 12. g4 Ba6 13. Ng3 g6 14. Qd2 Bf8 15. O-O
Qc7 16. Rfe1 O-O-O 17. c3 Kb7 18. Qc1 Ka7 19. b3 Rd7 20. Bf1 Bg7 21. c4 bxc4
22. dxc4 dxc4 23. bxc4 g5 24. hxg5 hxg5 25. Nxg5 Bxe5 26. Bxe5 Nxe5 27. Qc3 f6
28. Rab1 Na4 29. Qe3 Nxg4 30. Qf3 fxg5 31. Qxg4 Bb7 32. Qxe6 Rdh7 33. Rxb7+
Qxb7 34. Bg2 Qc7 35. Qe4 Nb6 36. Rb1 Rh4 37. Qe1 Nxc4 38. Rb7+ Qxb7 39. Bxb7
Kxb7 40. Qe7+ Kb6 41. Qxg5 Nd6 42. f4 Kc6 43. a4 R8h7 44. Qg8 Rb7 45. Nf5 Rb1+
46. Kg2 Rb2+ 47. Kg1 Rb1+ 48. Kg2 Rb2+ 49. Kg1 Rb1+ 1/2-1/2

[Event "Sao Paulo Communic 4th"]
[Site "Sao Paulo"]
[Date "2004.??.??"]
[Round "8"]
[White "Rodriguez Vila, Andres"]
[Black "Tsuboi, Edson Kenji"]
[Result "1/2-1/2"]
[WhiteElo "2485"]
[BlackElo "2344"]
[PlyCount "72"]
[EventDate "2004.02.04"]
[EventType "tourn"]
[EventRounds "9"]
[EventCountry "BRA"]
[EventCategory "4"]
[SourceTitle "CBM 098 Extra"]
[Source "ChessBase"]
[SourceDate "2004.03.10"]
[SourceVersion "2"]
[SourceVersionDate "2004.03.10"]
[SourceQuality "1"]

1. e4 c5 2. Nf3 Nc6 3. d4 cxd4 4. Nxd4 e6 5. Nc3 Qc7 6. Be3 a6 7. Qd2 Nf6 8. f4
Bb4 9. Bd3 Na5 10. O-O Nc4 11. Bxc4 Qxc4 12. Qd3 Qxd3 13. cxd3 Ng4 14. Bd2 Bc5
15. Nce2 d6 16. Rfc1 e5 17. fxe5 Nxe5 18. Rc3 f5 19. exf5 O-O 20. Rf1 Bd7 21.
Kh1 Rae8 22. Rb3 Nc6 23. Bc3 Nxd4 24. Nxd4 Bxd4 25. Bxd4 Bc6 26. h4 Re2 27. Rf2
Rxf2 28. Bxf2 Rxf5 29. Bg3 Rb5 30. Bxd6 Rxb3 31. axb3 h5 32. Kg1 Kf7 33. Be5
Bb5 34. d4 Bc6 35. Kf2 g6 36. g3 Ke6 1/2-1/2